|
|
|
|
| LEADER |
00920cam a2200229 7i4500 |
| 001 |
0000057912 |
| 005 |
20210310090000.0 |
| 020 |
|
|
|a 9781617050336 (electronic book)
|
| 090 |
0 |
0 |
|a RC346
|b .N48 2014
|
| 245 |
0 |
0 |
|a Neurocritical care board review :
|b questions and answers
|c editor, Asma Zakaria.
|
| 264 |
|
|
|a New York:
|b Demos Medical Publishing,
|c 2014.
|
| 300 |
|
|
|a 1 online resource (460 pages):
|b illustrations, text file, PDF.
|
| 336 |
|
|
|a text
|2 rdacontent
|
| 337 |
|
|
|a computer
|2 rdamedia
|
| 338 |
|
|
|a online resource
|2 rdacarrier
|
| 650 |
|
0 |
|a Nervous system --
|x Diseases --
|x Treatment
|
| 655 |
|
0 |
|a Electronic books
|
| 700 |
1 |
|
|a Asma Zakaria
|
| 856 |
4 |
2 |
|u http://library.unisel.edu.my/equip-unisel/custom/ebook_catalog/ebook/NeurocriticalCareBoardReviewQuestionsandAnswers.pdf
|
| 997 |
|
|
|a Health Sciences, Faculty
|
| 998 |
|
|
|a Medical Imaging, Diploma
|
| 999 |
|
|
|a EBO0004209
|b EBOOK
|c EBOOK
|e Electronic resources
|